Films avec Meryl Streep par images - Statistiques

Statistiques générales
  • Ce quiz a été pris 140 fois
  • Le résultat moyen est 8 sur 20
Statistiques - réponses
Par images Réponse % Correct
Le Diable s'habille en Prada
99%
Mamma Mia
93%
La Dame de Fer
59%
Sur la route de Madison
59%
Kramer contre Kramer
50%
Out of Africa : Souvenirs d'Afrique
50%
Les Filles du docteur March
42%
Don't Look Up : Déni cosmique
36%
Pentagon Papers
36%
Le Choix de Sophie
34%
La Mort vous va si bien
33%
The Hours
32%
Julie & Julia
29%
Voyage au bout de l'enfer
27%
Manhattan
24%
Doute
16%
Un été à Osage County
14%
Les Suffragettes
10%
Adaptation
9%
The Homesman
1%
Aucun quiz correspondant
Distribution des résultats
% des personnes avec chaque résultat
Percentile par nombre de réponses
Votre historique - résultats
Vous n’avez pas pris ce quiz